BUBT Library Online Catalog

The Registration Act (XVI of 1908) / (Record no. 6695)

000 -LEADER
fixed length control field 00695nam a22002177a 4500
003 - CONTROL NUMBER IDENTIFIER
control field BUBTL
008 - FIXED-LENGTH DATA ELEMENTS--GENERAL INFORMATION
fixed length control field 220508b ||||| |||| 00| 0 eng d
082 ## - DEWEY DECIMAL CLASSIFICATION NUMBER
Classification number 346.54910438/ M2786r/ 2004
100 ## - MAIN ENTRY--PERSONAL NAME
9 (RLIN) 2419
Personal name Mahmood, Shaukat
245 ## - TITLE STATEMENT
Title The Registration Act (XVI of 1908) /
Statement of responsibility, etc. Mahmood, Shaukat, Nadeem Shaukat
250 ## - EDITION STATEMENT
Edition statement 5th Edn.
260 ## - PUBLICATION, DISTRIBUTION, ETC. (IMPRINT)
Place of publication, distribution, etc. Lahore:
Name of publisher, distributor, etc. Legal Research Centre,
Date of publication, distribution, etc. c2004
300 ## - PHYSICAL DESCRIPTION
Extent vii, 352 p.:
Dimensions 21 cm.
500 ## - GENERAL NOTE
General note Includes Index
505 ## - FORMATTED CONTENTS NOTE
Formatted contents note The Registration Act (XVI of 1908), Mahmood, Shaukat, Nadeem Shaukat
650 #0 - SUBJECT ADDED ENTRY--TOPICAL TERM
9 (RLIN) 26
Topical term or geographic name as entry element Law
700 ## - ADDED ENTRY--PERSONAL NAME
9 (RLIN) 2420
Personal name Shaukat, Nadeem
856 ## - ELECTRONIC LOCATION AND ACCESS
Password 0
Logon 0
Link text Download
942 ## - ADDED ENTRY ELEMENTS (KOHA)
Source of classification or shelving scheme
Koha item type Books
Holdings
Withdrawn status Lost status Source of classification or shelving scheme Damaged status Not for loan Collection code Permanent location Current location Shelving location Date acquired Source of acquisition Inventory number Total Checkouts Full call number Barcode Date last seen Copy number Price effective from Koha item type Date last checked out
        Not For Loan Non-fiction Bangladesh University of Business and Technology Library Bangladesh University of Business and Technology Library Law Stacks 03/21/2022 Purchase 28456   346.54910438/ M2786r/ 2004 BUBTL-200328456 05/08/2022 C-1 05/08/2022 Books  
        Not For Loan Non-fiction Bangladesh University of Business and Technology Library Bangladesh University of Business and Technology Library Law Stacks 03/21/2022 Purchase 28457   346.54910438/ M2786r/ 2004 BUBTL-200328457 05/08/2022 C-2 05/08/2022 Books  
          Non-fiction Bangladesh University of Business and Technology Library Bangladesh University of Business and Technology Library Law Stacks 03/21/2022 Purchase 28458   346.54910438/ M2786r/ 2004 BUBTL-200328458 12/25/2022 C-3 05/08/2022 Books  
          Non-fiction Bangladesh University of Business and Technology Library Bangladesh University of Business and Technology Library Law Stacks 03/21/2022 Purchase 28459   346.54910438/ M2786r/ 2004 BUBTL-200328459 05/08/2022 C-4 05/08/2022 Books  
          Non-fiction Bangladesh University of Business and Technology Library Bangladesh University of Business and Technology Library Law Stacks 03/21/2022 Purchase 28460 3 346.54910438/ M2786r/ 2004 BUBTL-200328460 07/10/2024 C-5 05/08/2022 Books 07/02/2024

More Information About Library

Library Hours

  • Open: 9.00 am. to 9.00 pm.
  • Only Sunday: 9.00 am. to 6.00 pm.
  • Closed: Holiday

Contact to the University

Bangladesh University of Business and Technology Library

  • Mirpurl-2, 1216.
  • Phone:
  • Fax:
  • E-Mail: admin.library@bubt.edu.bd

Contact to the Library

Contact Person:

Md. Abdul Hakim Shah
Joint Librarian
PABX No:  113
Cell No: 01816332931
E-mail: official: admin.library@bubt.edu.bd
Personal: hakim.shah@bubt.edu.bd


BUBT Library

Copyright © 2021